000 00395nam a2200133Ia 4500
001 IA_c.2, c.3, c.4, c.5 es material fotocopiado
002 MODERN REFRIGERATION AND AIR CONDITIONING TINLEY P
008 220117s xx 000 0 und d
010 _a180923
650 _aAire acondicionado.
_93151
650 _aRefrigeración.
_995611
942 _c621.56 A58
999 _c180923
_d180923